Sports Quiz

Random Sports or NCAA Quiz

NCAA Football Wins Quiz Stats

 Plays Quiz not verified by Sporcle

Challenge
Share
Tweet
Embed
Score 0/20 Timer 10:00
0 Plays Today
Wins Team % Correct
814Alabama Crimson Tide
98.7%
895Michigan Wolverines
97.4%
849Texas Longhorns
97.4%
845Notre Dame Fighting Irish
96.8%
822Harvard Crimson
96.2%
819Oklahoma Sooners
94.9%
766Southern California Trojans
94.2%
863Yale Bulldogs
93.6%
825Ohio State Buckeyes
93.6%
735Georgia Bulldogs
92.9%
Wins Team % Correct
814Penn Quakers
90.4%
716Louisiana State Tigers
89.7%
785Tennessee Volunteers
89.1%
698Auburn Tigers
88.5%
833Nebraska Cornhuskers
87.2%
789Princeton Tigers
84.6%
684Syracuse Orange
75.6%
678Georgia Tech Yellow Jackets
73.1%
673Virginia Tech Hokies
73.1%
687West Virginia Mountaneers
67.9%

You're not logged in!

Compare scores with friends on all Sporcle quizzes.
Join for Free
OR
Log In

You Might Also Like...

Show Comments

Extras

Top Quizzes Today


Score Distribution

Your Account Isn't Verified!

In order to create a playlist on Sporcle, you need to verify the email address you used during registration. Go to your Sporcle Settings to finish the process.

Report this User

Report this user for behavior that violates our Community Guidelines.

Details: